Hayatımın romanı/ (Record no. 13961)
[ view plain ]
| 000 -BAŞLIK | |
|---|---|
| Sabit Uzunlukta Kontrol Alanı | 00603nam a22002057a 4500 |
| 999 ## - SİSTEM KONTROL NUMARALARI (KOHA) | |
| Koha Biblionumber | 13961 |
| Koha Biblioitemnumber | 13961 |
| 003 - KONTROL NUMARASI IDENTIFIER | |
| Denetim Alanı | MIRAKIL |
| 005 - SON İŞLEM TARİHİ VE ZAMANI | |
| Denetim Alanı | 20200825161240.0 |
| 008 - SABİT-BOY VERİ ELEMANLARI - GENEL BİLGİLER | |
| Sabit Uzunlukta Kontrol Alanı | 200825b tu ||||| |||| 00| 0 tur d |
| 040 ## - KATALOGLAMA KAYNAK | |
| Orijinal Kataloglama Ajansı | TR-AnCHP |
| Metne Dönüştürmek Ajansı | TR-AnCHP |
| 041 ## - DİL KODU | |
| Metin / Ses Parça Veya Ayrı Başlığın Dil Kodu | tur |
| 082 ## - DEWEY ONLU SINIFLANDIRMA NUMARASI | |
| Sınıflandırma Numarası | 891.73 |
| Ürün Numarası | G66h 1963 |
| 100 ## - ANA GİRİŞ - KİŞİSEL İSİM | |
| Kişisel Ad | Gorki, Maksim |
| 245 10 - BAŞLIK TABLOSU | |
| Başlık | Hayatımın romanı/ |
| Sorumluluk Tablosu, Vb | Maksim Gorki; Türkçesi: A. Baha Özler. |
| 260 ## - YAYIN, DAĞITIM, VB | |
| Yayın, Dağıtım, Vb Yeri | İstanbul: |
| Yayıncı, Dağıtıcı, Vs Adı | Ak Kitabevi, |
| Yayın, Dağıtım, Vb Tarihi | 1963. |
| 300 ## - FİZİKSEL TANIM | |
| Kapsam | 560 s.: |
| Boyutlar | 19 sm. |
| 600 #0 - KONU KATMA GİRİŞ - KURUMSAL ADI | |
| 9 (RLIN) | 6401 |
| Kişisel Ad | Gorki, Maksim |
| Genel Alt Bölümü | Yaşamöyküsü |
| 650 #0 - KONU KATMA GİRİŞ - TOPİKAL DÖNEM | |
| 9 (RLIN) | 5112 |
| Topikal Süreli Veya Coğrafi Ad Giriş Elemanı | Rus Edebiyatı |
| Genel Alt Bölümü | Roman |
| 700 ## - KATMA GİRİŞ - KİŞİSEL İSİM | |
| 9 (RLIN) | 6450 |
| Kişisel Ad | Özler, A. Baha |
| Relator Terim | çev. |
| 942 ## - EKLENDİ GİRİŞ ELEMANLARI (KOHA) | |
| Sınıflandırma Veya Raf Düzeni Kaynak | Dewey Decimal Classification |
| Koha Öğesi Türü | Books |
| Kalıcı Konum | Mevcut Konum | Edinme Tarihi | Toplam Check-Out'Lar | Tam Çağrı Numarası | Barkod | Tarih Son Görülme | İtibaren Geçerli Fiyatlar | Sigara Kamu Notu | Koha Öğesi Türü |
|---|---|---|---|---|---|---|---|---|---|
| CHP Kütüphanesi | CHP Kütüphanesi | 08/25/2020 | 891.73 G66h 1963 | 019444 | 08/25/2020 | 08/25/2020 | Emine Başak Alkan Bağışıdır. | Books |
